000 00410nam a2200145Ia 4500
001 1854
008 241024s9999 xx 000 0 und d
082 _aRD/577.7/R426e
100 _aRepública Dominicana. Secretaría de Estado de Educación y Cultura
245 0 _aEje: Medio ambiente, propuestas metodológicas
260 _bUNICEF
_c1998
590 _asi
901 _a30/9/2011 9:39:44 a.m.
999 _c8167
_d8167